El sistema de parques nacionales naturales de Colombia / (Registro nro. 3098)

Detalles MARC
000 -CABECERA
Campo de control 01050 am a2200253 a 4500
005 - FECHA Y HORA DE LA ULTIMA TRANSACCION
Campo de control 20180803165051.0
008 - ELEMENTOS DE LONGITUD FIJA—INFORMACION GENERAL
Campo de control 981204s1998 ck a r 00010 spa d
040 ## - FUENTE DE CATALOGACIÓN
Agencia catalogadora original Co-BoIAVH
Agencia transcriptora Co-BoIAVH
041 0# - IDIOMA
Código de idioma para texto/pista de sonido o título separado Español
044 ## - PAÍS DE PUBLICACIÓN
País de publicación Colombia
082 04 - NUMERO DE CLASIFICACION DECIMAL DEWEY
Número de clasificación 333.72098
Número del ítem C27s
110 1# - ASIENTO PRINCIPAL--NOMBRE CORPORATIVO
Nombre corporativo o de jurisdicción como elemento de entrada Colombia.
Unidad subordinad Ministerio del Medio Ambiente.
245 03 - MENCION DE TITULO
Título El sistema de parques nacionales naturales de Colombia /
Mención de responsabilidad textos Jorge I. Hernández Camacho ... [et al.] ; fotografías Carlos Castaño-Uribe ... [et al.] ; mapas Juan Camilo Pedroza.
260 ## - PUBLICACION, DISTRIBUCION, ETC. (PIE DE IMPRENTA)
Lugar de publicación, distribución, etc. Santa Fe de Bogotá :
Nombre del editor, distribuidor, etc. Unidad Administrativa Especial del Sistemas de Parques Nacionales Naturales,
Fecha de publicación, distribución, etc. 1998.
300 ## - DESCRIPCION FISICA
Extensión 497 p. :
Otros detalles físicos il. ;
Dimensiones 33 cm.
500 ## - NOTA GENERAL
Nota general Glosario : p.495-497.
504 ## - NOTA DE BIBLIOGRAFIA, ETC.
Nota de bibliografía Incluye bibliografía.
650 06 - ASIENTO SECUNDARIO DE MATERIA - TERMINO TEMATICO
Término temático o nombre geográfico como elemento de entrada Parques naturales
Subdivisión geográfica Colombia.
650 06 - ASIENTO SECUNDARIO DE MATERIA - TERMINO TEMATICO
Término temático o nombre geográfico como elemento de entrada Parques naturales
Subdivisión general Administración
Subdivisión geográfica Colombia.
700 1# - ASIENTO SECUNDARIO - NOMBRE PERSONAL
Nombre personal Pedroza, Juan Camilo.
700 1# - ASIENTO SECUNDARIO - NOMBRE PERSONAL
Nombre personal Castaño Uribe, Carlos.
700 1# - ASIENTO SECUNDARIO - NOMBRE PERSONAL
Nombre personal Hernández Camacho, Jorge I.
942 ## - ELEMENTOS ADICIONALES (KOHA)
Sistema de clasificación Dewey Decimal Classification
Tipo de ítem Libro
Existencias
Withdrawn status Lost status Sistema de Clasificación Damaged status No para préstamo Colección Inventariado Ubicación Permanente Ubicación actual Fecha de adquisición Fuente de Valor Valor Total Checkouts Número topográfico Inventario / Código de Barras Date last seen Ejemplar Price effective from Forma de adquisición Tipo de material
    Dewey Decimal Classification     General Inventariado 2017 Bogotá Bogotá 05/03/2003 Parques Nacionales Naturales 39000.00   LB-333.72098 C27s 003557 04/12/2012 Ej. 1 04/12/2012   Libro
    Dewey Decimal Classification     General Inventariado 2017 Sala Fabio Quevedo Sala Fabio Quevedo 05/03/2003 Parques Nacionales Naturales 39000.00   LB-333.72098 C27s 005218 04/12/2012 Ej. 2 04/12/2012   Libro